000 00660cam a2200229 a 4500
001 000010657
003 UkOxU
005 20250725140219.0
008 970811s1973 ve 001 0 spa d
040 _aDO-SdBNP
_bspa
_cEQO
_dBNPHU
082 _a520.01
_bB251a
100 1 _aBargalló Cervelló, Pedro.
_925808
245 1 0 _aAstronomía en retazos.
260 _aCaracas, (Venezuela) :
_bMonte Avila,
_c1973.
490 1 _aCientífica
_v51
650 0 _aAstronomía
_925809
650 4 _aAstronomía
_xEnseñanza
_925810
650 0 _a Cosmología
_91848
830 0 _aCientífica ;
_v51
_925797
910 _aCatalogación por copia / OXFORD
049 _aBNGR
999 _c10412
_d10412